| 000 | 00520nam a2200169Ia 4500 | ||
|---|---|---|---|
| 008 | 181130s2018 xx 000 0 und d | ||
| 100 | _aRadkar, Anjali | ||
| 245 | _aAssessment of growth monitoring and promotion programme of the integrated child development services in Maharashtra | ||
| 260 | _c2018 | ||
| 300 | _ap.186-206. | ||
| 504 | _dJun | ||
| 650 | _aChild development | ||
| 650 | _aChild welfare | ||
| 700 | _aParasuraman, Sulabha and Ghanekar, Jai | ||
| 773 | _aArtha Vijnana | ||
| 906 | _aChild welfare | ||
| 999 |
_c506359 _d506359 |
||